Central Library OPAC University of Rajshahi

ইতিহাসে বাঙ্গালী / (Record no. 80094)

MARC details
000 -LEADER
fixed length control field 00784nam a2200229 a 4500
001 - CONTROL NUMBER
control field 80094
003 - CONTROL NUMBER IDENTIFIER
rucl marc code BD-RjUL
005 - DATE AND TIME OF LATEST TRANSACTION
control field 20240701105943.0
008 - FIXED-LENGTH DATA ELEMENTS--GENERAL INFORMATION
fixed length control field 220706s2020 |||||||| |||| 00| 0 ben d
020 ## - INTERNATIONAL STANDARD BOOK NUMBER
International Standard Book Number 9847000003836
035 ## - SYSTEM CONTROL NUMBER
System control number (BD-RjUL)80094
040 ## - CATALOGING SOURCE
Original cataloging agency BD-RjUL
Language of cataloging eng
Transcribing agency BD-RjUL
041 ## - LANGUAGE CODE
Language code of text/sound track or separate title ben
082 ## - DEWEY DECIMAL CLASSIFICATION NUMBER
Edition number 23
Classification number 954.14
Author mark and year CHE 2020
100 ## - MAIN ENTRY--PERSONAL NAME
Personal name চন্দ, রমাপ্রসাদ
9 (RLIN) 4031
245 ## - TITLE STATEMENT
Title ইতিহাসে বাঙ্গালী /
Statement of responsibility, etc. রমাপ্রসাদ চন্দ
260 ## - PUBLICATION, DISTRIBUTION, ETC. (IMPRINT)
Place of publication, distribution, etc. ঢাকা :
Name of publisher, distributor, etc. প্রান্তিকা,
Date of publication, distribution, etc. ২০২০
300 ## - PHYSICAL DESCRIPTION
Pagination ১৭১ পৃ.;
Size ২২ সেমি.
650 ## - SUBJECT ADDED ENTRY--TOPICAL TERM
Topical term or geographic name as entry element বাংলা (ভারত)
General subdivision ইতিহাস
9 (RLIN) 1260
Topical term or geographic name as entry element Bengal (India)
General subdivision History
9 (RLIN) 1261
942 ## - ADDED ENTRY ELEMENTS (KOHA)
Source of classification or shelving scheme Dewey Decimal Classification
Koha item type Books
Holdings
Lost status Source of classification or shelving scheme Damaged status Not for loan Collection code Permanent Location Current Location Shelving location Date acquired Source of acquisition Cost, normal purchase price Total Checkouts Full call number Date last seen Copy number Koha item type
  Dewey Decimal Classification   Not For Loan Non-fiction Central Library, University of Rajshahi Central Library, University of Rajshahi Reading Room 19/04/2022 Jatiya Sahitya Prakash, Dhaka 210.00   B 954.14 CHE 2020 06/07/2022 C-1 Books
  Dewey Decimal Classification     Non-fiction Central Library, University of Rajshahi Central Library, University of Rajshahi General Stacks 19/04/2022 Jatiya Sahitya Prakash, Dhaka 210.00   B 954.14 CHE 2020 06/07/2022 C-2 Books
  Dewey Decimal Classification     Non-fiction Central Library, University of Rajshahi Central Library, University of Rajshahi General Stacks 12/04/2024 Author 300.00   B 954.14 CHE 2020 01/07/2024 C-3 Books